|
|
|
|
| LEADER |
00000nam a2200000 a 4500 |
| 001 |
vtls001469156 |
| 003 |
SK-MaSNL |
| 005 |
20260302073439.0 |
| 008 |
240315s2003 xo c gr 0 eng |
| 015 |
|
|
|a SNBSAB2003-00086
|
| 020 |
|
|
|a 8088878888
|
| 035 |
|
|
|a SNK000424461
|
| 040 |
|
|
|a SNK
|b slo
|c SNK
|e AACR2
|
| 041 |
0 |
|
|a eng
|
| 044 |
|
|
|a xo
|c SK
|
| 080 |
|
|
|a 82:929:821.162.4:012=111
|2 2. slo
|
| 080 |
|
|
|a 012
|2 2. slo
|
| 080 |
|
|
|a 821.162.4
|2 2. slo
|
| 080 |
|
|
|a 929
|2 2. slo
|
| 100 |
1 |
|
|a Apfel, Viliam,
|d 1940-2024
|4 aut
|9 93648
|
| 245 |
1 |
|
|a Album of Slovak writers
|c texts on the authors written by: Viliam Apfel ...[et. al.] ; editor: Ján Vilikovský
|n 3
|b Authors and texts
|
| 250 |
|
|
|a [1. vyd.]
|
| 260 |
|
|
|a Bratislava
|b Centre for information on literature
|c 2003
|
| 300 |
|
|
|a [34] obojs. v prebale
|b fotogr.
|c 30x22 cm
|
| 504 |
|
|
|a 33 zázn. o význ. osobnostiach v slov. lit. v angl. Biogr. údaje
|
| 650 |
0 |
7 |
|a literatúra slovenská
|x bibliografie výberové
|x bibliografie personálne
|2 SNK
|9 737883
|
| 655 |
|
7 |
|a neperiodické bibliografie
|2 SNK
|9 60408
|
| 655 |
|
7 |
|a bibliografie
|2 SNK
|9 28668
|
| 700 |
1 |
|
|a Bokníková, Andrea,
|d 1969-
|4 aut
|9 189659
|
| 700 |
1 |
|
|a Čertík, Jozef,
|d 1950-
|4 aut
|9 13287
|
| 700 |
1 |
|
|a Vilikovský, Ján,
|d 1937-2023
|4 edi
|9 99553
|
| 700 |
1 |
|
|a Baláž, Anton,
|d 1943-
|4 aut
|9 103540
|
| 710 |
0 |
|
|a Literárne informačné centrum (Bratislava, Slovensko)
|4 vyd
|9 87435
|
| 919 |
|
|
|a 80-88878-88-8
|
| 958 |
|
|
|a BX
|
| 958 |
|
|
|a SF
|
| 958 |
|
|
|a PB
|
| 999 |
|
|
|c 1160872
|d 1162802
|
| 952 |
|
|
|t P60, <03>, [BOOK], {603}
|a SNK
|b SNK
|y PREZ
|7 0
|p 17A0415796
|o snkOSB 12928/3
|i snkKSP 2720/2004
|0 0
|1 0
|4 0
|d 2004-02-24
|l 0
|r 2005-01-02 00:00:00
|w 2026-02-24
|
| 952 |
|
|
|a SNK
|b SNK
|y PREZ
|7 0
|p 17A0415795
|o snkOSB 12928/3 D1
|i snkKSP 2721/2004
|0 0
|1 0
|4 0
|d 2004-02-24
|l 0
|r 2005-01-02 00:00:00
|w 2026-02-24
|